Statistics for Kacey Musgraves - Follow Your Arrow Lyrics

Click here to take the quiz!

General Stats

  • This quiz has been taken 46 times
    (10 since last reset)
  • The average score is 243 of 304

Answer Stats

Lyrics% Correct
a
100%
arrow
100%
follow
100%
i
100%
you
100%
your
100%
and
90%
do
90%
don't
90%
get
90%
it
90%
so
90%
the
90%
when
90%
boys
80%
church
80%
girls
80%
go
80%
hell
80%
if
80%
into
80%
just
80%
kiss
80%
little
80%
lots
80%
make
80%
noise
80%
of
80%
on
80%
or
80%
person
80%
points
80%
son
80%
straight
80%
that's
80%
to
80%
too
80%
up
80%
what
80%
wherever
80%
who
80%
whore-ible
80%
you're
80%
as
70%
bore
70%
but
70%
can't
70%
drink
70%
first
70%
for
70%
gets
70%
join
70%
joint
70%
love
70%
marriage
70%
mean
70%
narrow
70%
one
70%
righteous
70%
roll
70%
row
70%
save
70%
say
70%
self
70%
then
70%
win
70%
would
70%
yeah
70%
you'll
70%
yourself
70%
beat
60%
call
60%
'cause
60%
crack
60%
damned
60%
disappoint
60%
down
60%
drunk
60%
'em
60%
fat
60%
have
60%
live
60%
lose
60%
losing
60%
many
60%
might
60%
much
60%
once
60%
only
60%
prude
60%
'round
60%
should
60%
something
60%
soon
60%
sun
60%
they'll
60%
trips
60%
want
60%
weight
60%
well
60%
whatever
60%
front
50%
won't
50%
feel
30%

Score Distribution

Percentile by Number Answered

Percent of People with Each Score

Your Score History

You have not taken this quiz since the last reset